000 00530nam a2200205Ia 4500
005 20260429112152.0
008 260429s9999||||xx |||||||||||||| ||und||
020 _a9781639898947
041 _aEnglish
082 _a572.8
_bGOL
100 _aGoldstein, Eric
245 0 _aBiological significance of RNAs in plants /
_cEric Goldstein
250 _a1st ed.
260 _aNew York :
_bStates Academic Press,
_c2025.
300 _avii, 226 p.; hb
650 _a Biology
650 _a RNA
650 _aPlants
942 _cTB
999 _c52702
_d52702